Statistiken für Hauptstädte, die auf E enden

Klicken Sie hier um das Quiz zu spielen!

Allgemein

  • Dieses Quiz wurde 295 mal gespielt
    (272 seit der letzten Aktualisierung)
  • Das Durchschnittsergebnis liegt bei 9 aus 18

Antwortstatistiken

Antwort% Korrekt
Malé
64%
Lomé
63%
Gaborone
60%
Libreville
53%
Harare
52%
Sucre
51%
Duschanbe
49%
Skopje
49%
Vientiane
48%
Santiago de Chile
46%
Brazzaville
45%
Lilongwe
45%
Port-au-Prince
45%
Yaoundé
45%
Mbabane
42%
Basseterre
41%
São Tomé
37%
San José
35%

Verteilung der Resultate

Perzentil nach korrekt beantworteten Fragen

Anzahl Personen mit jedem Resultat

Ihre Resultats-Entwicklung

Sie haben dieses Quiz seit der letzten Aktualisierung nicht gespielt